[Event "Oskarja Memorial 10th"]
[Site "Chess.com INT"]
[Date "2021.01.16"]
[Round "11"]
[White "Gasparic, Stojan"]
[Black "Gombac, Jan"]
[Result "1/2-1/2"]
[WhiteElo "1961"]
[BlackElo "2256"]
[PlyCount "129"]
[EventDate "2021.01.16"]
[EventType "swiss (blitz)"]
[EventRounds "15"]
[EventCountry "SLO"]
[SourceTitle "CBM 200 Extra"]
[Source "ChessBase"]
[SourceDate "2021.03.31"]
[SourceVersion "1"]
[SourceVersionDate "2021.03.31"]
[SourceQuality "1"]

1. e4 c5 2. Nf3 d6 3. g3 Nc6 4. d4 Bg4 5. dxc5 dxc5 6. Qxd8+ Rxd8 7. Be2 Nf6 8. h3 Bxf3 9. Bxf3 Nd4 10. Bd1 Nxe4 11. Nd2 Nxd2 12. Bxd2 e6 13. c3 Nc6 14. Bf3 Kd7 15. 0-0-0 Kc7 16. Bf4+ Bd6 17. Be3 b6 18. Kc2 Ne5 19. Be2 Be7 20. Bf4 f6 21. Bxe5+ fxe5 22. Rxd8 Rxd8 23. Rd1 Rf8 24. f3 e4 25. Bb5 Bd6 26. f4 Rd8 27. Re1 Be7 28. Rxe4 Rd6 29. Bc4 Kd7 30. Bb5+ Kd8 31. Bc4 Kd7 32. Bb5+ Kd8 33. a4 Bf6 34. g4 h6 35. Bc4 Ke7 36. h4 Bxh4 37. f5 e5 38. Rxe5+ Kf6 39. Re6+ Rxe6 40. fxe6 Ke5 41. b4 cxb4 42. cxb4 Kf4 43. Be2 Be7 44. b5 g6 45. Kd3 Ke5 46. Ke3 Kxe6 47. Ke4 Bc5 48. Bf3 Kf6 49. Kf4 Bd6+ 50. Ke4 Kg5 51. Ke3 h5 52. gxh5 gxh5 53. Kf2 h4 54. Bc6 h3 55. Kg1 h2+ 56. Kh1 Kf5 57. Bf3 Bf4 58. Bd1 Ke5 59. Bb3 Kd4 60. Bd1 Kc3 61. Kg2 Kb4 62. Kh1 Kc3 63. Kg2 Kd2 64. Bb3 Kc3 65. Bd1 1/2-1/2

[Event "Oskarja Memorial 10th"]
[Site "Chess.com INT"]
[Date "2021.01.16"]
[Round "4"]
[White "Gasparic, Stojan"]
[Black "Ribicic, Marko"]
[Result "1-0"]
[WhiteElo "1961"]
[BlackElo "1928"]
[PlyCount "81"]
[EventDate "2021.01.16"]
[EventType "swiss (blitz)"]
[EventRounds "15"]
[EventCountry "SLO"]
[SourceTitle "CBM 200 Extra"]
[Source "ChessBase"]
[SourceDate "2021.03.31"]
[SourceVersion "1"]
[SourceVersionDate "2021.03.31"]
[SourceQuality "1"]

1. e4 e6 2. d4 d5 3. Nd2 c5 4. Ngf3 Nc6 5. exd5 exd5 6. Be2 Nf6 7. 0-0 cxd4 8. Nb3 Be7 9. Nfxd4 Bd7 10. Re1 0-0 11. Bf3 Rc8 12. h3 Nxd4 13. Nxd4 Bc5 14. c3 Bxd4 15. Qxd4 Re8 16. Bg5 b6 17. Rxe8+ Bxe8 18. Bxf6 Qxf6 19. Qxf6 gxf6 20. Bxd5 Rc5 21. Rd1 Bb5 22. Rd2 Kf8 23. f4 Ke7 24. Kf2 Bc4 25. Bxc4 Rxc4 26. Ke3 f5 27. Rd4 Rc5 28. Kd3 a5 29. a4 b5 30. b4 axb4 31. cxb4 Rc1 32. axb5 Rd1+ 33. Kc4 Rc1+ 34. Kd5 Kd7 35. b6 Rc8 36. b7 Rb8 37. Ke5+ Kc7 38. Kxf5 Rxb7 39. g4 Kc6 40. h4 Ra7 41. h5 1-0

[Event "Oskarja Memorial 10th"]
[Site "Chess.com INT"]
[Date "2021.01.16"]
[Round "2"]
[White "Subelj, Jan"]
[Black "Gasparic, Stojan"]
[Result "0-1"]
[WhiteElo "2238"]
[BlackElo "1961"]
[PlyCount "192"]
[EventDate "2021.01.16"]
[EventType "swiss (blitz)"]
[EventRounds "15"]
[EventCountry "SLO"]
[SourceTitle "CBM 200 Extra"]
[Source "ChessBase"]
[SourceDate "2021.03.31"]
[SourceVersion "1"]
[SourceVersionDate "2021.03.31"]
[SourceQuality "1"]

1. e4 d6 2. d4 g6 3. Be3 Bg7 4. Qd2 a6 5. h4 h6 6. h5 g5 7. a4 b6 8. Nc3 Bb7 9. d5 Nd7 10. Bd4 Ngf6 11. Nge2 c5 12. dxc6 Bxc6 13. Ng3 0-0 14. Nf5 Nc5 15. f3 Ne6 16. Be3 Qc7 17. Bc4 b5 18. Bb3 bxa4 19. Bxa4 Rab8 20. Bxc6 Rxb2 21. Bd5 Rc8 22. Bxe6 fxe6 23. Nxg7 Kxg7 24. Ra3 Qc4 25. Kf2 Qb4 26. Rha1 g4 27. Bxh6+ Kf7 28. Ne2 Qxd2 29. Bxd2 Rcxc2 30. Rd1 gxf3 31. gxf3 Rxd2 32. Rxd2 Rxd2 33. h6 Kg6 34. Ke3 Rb2 35. Rxa6 Kxh6 36. Ra7 Ng8 37. Nf4 Rb3+ 38. Kf2 e5 39. Nd5 Kg5 40. Ra1 Rb2+ 41. Ke3 Rg2 42. Ra8 Kh6 43. Rf8 Kg7 44. Rc8 Kf7 45. Rc7 Rg1 46. Kf2 Rb1 47. Kg3 Ra1 48. Ne3 Rg1+ 49. Kf2 Ra1 50. Nf5 Rb1 51. Nxd6+ Ke6 52. Nf5 Rb2+ 53. Kg3 Rb1 54. Rc8 Nf6 55. Rc7 Ng8 56. Rc6+ Kf7 57. Rc5 Ke6 58. Ne3 Rg1+ 59. Kf2 Ra1 60. Ng4 Ra2+ 61. Kg3 Nf6 62. Rxe5+ Kf7 63. Rf5 Kg6 64. Ne5+ Kg7 65. Rg5+ Kf8 66. Ng4 Kf7 67. Nxf6 Kxf6 68. Rf5+ Ke6 69. Kf4 Ra1 70. Rb5 Kf6 71. Rb6+ e6 72. e5+ Kf7 73. Rb7+ Kg6 74. Re7 Ra6 75. Kg4 Ra4+ 76. f4 Ra6 77. Rd7 Rb6 78. Rd6 Rb1 79. Rxe6+ Kf7 80. Kf5 Rh1 81. Rf6+ Ke7 82. Re6+ Kf7 83. Rd6 Rh5+ 84. Kg4 Rh1 85. f5 Rg1+ 86. Kf4 Rf1+ 87. Kg5 Re1 88. Kf4 Ke7 89. Re6+ Kd7 90. Rf6 Ke7 91. Rg6 Kf7 92. e6+ Ke7 93. Kg5 Rg1+ 94. Kf4 Rf1+ 95. Kg5 Re1 96. Kh6 Kf8 0-1

[Event "Bled Planinc Memorial 1st"]
[Site "Bled"]
[Date "2018.11.24"]
[Round "4"]
[White "Gasparic, Stojan"]
[Black "Findlay, Ian T"]
[Result "0-1"]
[WhiteElo "1964"]
[BlackElo "2255"]
[PlyCount "56"]
[EventDate "2018.11.24"]
[EventType "swiss (blitz)"]
[EventRounds "9"]
[EventCountry "SLO"]
[SourceTitle "CBM 187 Extra"]
[Source "ChessBase"]
[SourceDate "2018.11.04"]
[SourceVersion "1"]
[SourceVersionDate "2018.11.04"]
[SourceQuality "1"]

1. e4 c5 2. Nf3 d6 3. g3 Nc6 4. d4 cxd4 5. Nxd4 Nf6 6. Bg2 Nxd4 7. Qxd4 g6 8. c4 Bg7 9. Qd3 0-0 10. h3 Bd7 11. 0-0 Bc6 12. Nc3 Nd7 13. b3 Nc5 14. Qe3 Nxe4 15. Bxe4 Bxe4 16. Qxe4 Bxc3 17. Bh6 Bxa1 18. Bxf8 Bf6 19. Bh6 Qc7 20. Rd1 Qc6 21. Qe2 a6 22. h4 b5 23. Bg5 Bxg5 24. hxg5 bxc4 25. bxc4 e6 26. Rd4 Rd8 27. Qd3 Qc5 28. f4 e5 0-1

[Event "Bled Planinc Memorial 1st"]
[Site "Bled"]
[Date "2018.11.24"]
[Round "5"]
[White "Zagorsek, David"]
[Black "Gasparic, Stojan"]
[Result "0-1"]
[WhiteElo "2102"]
[BlackElo "1964"]
[PlyCount "81"]
[EventDate "2018.11.24"]
[EventType "swiss (blitz)"]
[EventRounds "9"]
[EventCountry "SLO"]
[SourceTitle "CBM 187 Extra"]
[Source "ChessBase"]
[SourceDate "2018.11.04"]
[SourceVersion "1"]
[SourceVersionDate "2018.11.04"]
[SourceQuality "1"]

1. e4 g6 2. d4 Bg7 3. Nf3 d6 4. h3 a6 5. c4 c5 6. Nc3 cxd4 7. Nxd4 Nc6 8. Be3 Nxd4 9. Bxd4 Nf6 10. Be2 0-0 11. 0-0 Bd7 12. Qb3 Bc6 13. Bb6 Qc8 14. f3 Nd7 15. Be3 Nc5 16. Qc2 Rb8 17. b4 Ne6 18. Rfd1 Rd8 19. Rac1 Nc7 20. Bb6 Re8 21. Nd5 Na8 22. Ba7 Bxd5 23. exd5 Qd7 24. Bxb8 Rxb8 25. c5 Nc7 26. Kh1 dxc5 27. Qxc5 Be5 28. Bc4 Bd6 29. Qa5 Qf5 30. Bb3 Qf4 31. Kg1 Qh2+ 32. Kf1 Bg3 33. Qc5 Bf4 34. Rc2 Bd6 35. Qd4 Qg3 36. a3 Rd8 37. Qf2 Qf4 38. Rd4 Qf6 39. Rd3 Nb5 40. a4 Nc7 41. Rd1 0-1

[Event "SLO-chT1 West"]
[Site "Slovenia"]
[Date "2016.11.12"]
[Round "2"]
[White "Ivanusa, Blaz"]
[Black "Gasparic, Stojan"]
[Result "1-0"]
[WhiteElo "2077"]
[BlackElo "1948"]
[PlyCount "57"]
[EventDate "2016.11.11"]
[EventType "team-tourn"]
[EventRounds "9"]
[EventCountry "SLO"]
[SourceTitle "EXT 2018"]
[Source "ChessBase"]
[SourceDate "2017.10.13"]
[SourceVersion "1"]
[SourceVersionDate "2017.10.13"]
[SourceQuality "1"]
[WhiteTeam "Trebnje BMP"]
[BlackTeam "Piran"]
[WhiteTeamCountry "SLO"]
[BlackTeamCountry "SLO"]

1. d4 Nf6 2. Bg5 c5 3. Bxf6 gxf6 4. d5 d6 5. c4 Qa5+ 6. Nd2 Bg7 7. Qc2 Na6 8. a3 Bd7 9. Rb1 f5 10. e3 Rb8 11. Ngf3 Nc7 12. Bd3 b5 13. 0-0 bxc4 14. Nxc4 Qa6 15. e4 fxe4 16. Bxe4 Bg4 17. Ne3 Bxf3 18. Bxf3 Nb5 19. Be2 Rb6 20. Qe4 Kf8 21. Rfe1 Qc8 22. Bxb5 Rxb5 23. b4 Qc7 24. Qc4 Qb7 25. Rec1 Bf6 26. Qe4 cxb4 27. Rxb4 Rxb4 28. axb4 Bg5 29. Qg4 1-0

[Event "SLO-chT1 West"]
[Site "Ljubljana"]
[Date "2015.11.07"]
[Round "5"]
[White "Gasparic, Stojan"]
[Black "Orehek, Spela"]
[Result "1-0"]
[WhiteElo "1912"]
[BlackElo "2091"]
[PlyCount "105"]
[EventDate "2015.10.16"]
[EventType "team-tourn"]
[EventRounds "9"]
[EventCountry "SLO"]
[SourceTitle "EXT 2019"]
[Source "ChessBase"]
[SourceDate "2018.10.10"]
[SourceVersion "1"]
[SourceVersionDate "2018.10.10"]
[SourceQuality "1"]
[WhiteTeam "Piran"]
[BlackTeam "Domzale"]
[WhiteTeamCountry "SLO"]
[BlackTeamCountry "SLO"]

1. e4 d6 2. d4 Nf6 3. Nc3 Nbd7 4. Bc4 e5 5. Nge2 c6 6. a4 Be7 7. 0-0 0-0 8. a5 Re8 9. f3 exd4 10. Nxd4 d5 11. exd5 Ne5 12. Bb3 cxd5 13. Kh1 Bb4 14. Bg5 Bxc3 15. bxc3 h6 16. Bxf6 Qxf6 17. Bxd5 Rd8 18. Be4 Nc6 19. a6 Nxd4 20. cxd4 Rxd4 21. Qb1 Rxe4 22. fxe4 Qc6 23. Qb3 Qc7 24. Qd5 Rb8 25. Rfd1 Be6 26. Qd6 Qxd6 27. Rxd6 bxa6 28. Rdxa6 Rc8 29. Rc1 Rc7 30. Kg1 Bc4 31. Ra5 Kf8 32. Kf2 Ke7 33. Ke3 a6 34. Kd4 Bb5 35. c4 Rd7+ 36. Ke3 Rc7 37. cxb5 Rxc1 38. bxa6 Rc8 39. a7 Ra8 40. Kd4 Kd6 41. g4 Kc6 42. Ke5 Re8+ 43. Kf5 Ra8 44. h4 Kb6 45. Ra1 Kc6 46. e5 Kd5 47. h5 Kd4 48. Ra4+ Kd5 49. Ra5+ Kc6 50. e6 g6+ 51. hxg6 fxg6+ 52. Kxg6 Kd6 53. Kf7 1-0

[Event "SLO-chT2 West"]
[Site "Ljubljana"]
[Date "2014.10.17"]
[Round "1.5"]
[White "Sivcevic, Nusret"]
[Black "Gasparic, Stojan"]
[Result "0-1"]
[WhiteElo "1843"]
[BlackElo "1511"]
[PlyCount "108"]
[EventDate "2014.10.17"]
[EventType "team-tourn"]
[EventRounds "9"]
[EventCountry "SLO"]
[SourceTitle "EXT 2019"]
[Source "ChessBase"]
[SourceDate "2018.10.10"]
[SourceVersion "1"]
[SourceVersionDate "2018.10.10"]
[SourceQuality "1"]
[WhiteTeam "Ljubljana KC"]
[BlackTeam "Piran"]
[WhiteTeamCountry "SLO"]
[BlackTeamCountry "SLO"]

1. f4 d5 2. Nf3 c5 3. d4 Nc6 4. e3 Bg4 5. h3 Bxf3 6. gxf3 e6 7. Bb5 Qh4+ 8. Ke2 Nh6 9. Bxc6+ bxc6 10. Qe1 Qxe1+ 11. Rxe1 cxd4 12. exd4 Nf5 13. Be3 Be7 14. Nd2 Kd7 15. Bf2 Rhb8 16. b3 Bb4 17. Kd3 Rc8 18. Rec1 Bd6 19. Be3 Nh4 20. c4 Ng6 21. Rg1 Rg8 22. Rg4 f5 23. Rg2 Nxf4+ 24. Bxf4 Bxf4 25. Re1 Rae8 26. Rge2 Bxd2 27. Rxd2 g5 28. Rg2 Rg6 29. c5 h5 30. Reg1 Reg8 31. Ke3 Ke7 32. b4 Kf6 33. a4 Rb8 34. Rb2 a6 35. Rgb1 e5 36. b5 axb5 37. axb5 cxb5 38. Rxb5 Rxb5 39. Rxb5 f4+ 40. Kf2 Kf5 41. Rb6 Rg8 42. Rd6 exd4 43. Rxd5+ Ke6 44. Rxd4 Rc8 45. Rd6+ Ke5 46. Rg6 Rxc5 47. Rxg5+ Kd4 48. Rg8 Rc2+ 49. Kg1 Ke3 50. Rh8 Rc5 51. Kg2 Rg5+ 52. Kh2 Kxf3 53. h4 Re5 54. Rg8 Re2+ 0-1